Normal view MARC view

Entry Personal Name

Number of records used in: 1

001 - CONTROL NUMBER

  • control field: 63520

003 - CONTROL NUMBER IDENTIFIER

  • control field: dpl

005 - DATE AND TIME OF LATEST TRANSACTION

  • control field: 20240318165927.0

008 - FIXED-LENGTH DATA ELEMENTS

  • fixed length control field: 240318|| aca||aabn | a|a d

040 ## - CATALOGING SOURCE

  • Original cataloging agency: dpl
  • Transcribing agency: dpl

100 ## - HEADING--PERSONAL NAME

  • Personal name: Bannerji, Himani

670 ## - SOURCE DATA FOUND

  • Source citation: Work cat.: (dpl)201574: Bannerji, Himani, Demography & Democracy:, 2011

© Delhi Public Library
Hit Counter
free hit counter